| 000 | 00627nam a2200217Ia 4500 | ||
|---|---|---|---|
| 003 | GCL | ||
| 008 | 140319s9999 xx 000 0 ara d | ||
| 040 |
_aGCL / _cGCL |
||
| 082 | 0 | 4 |
_a759.05 _bل ا |
| 100 | 1 | _aفخرى خليل (مترجم) | |
| 245 | 1 | 0 |
_aالانطباعية / _cفخرى خليل (مترجم) |
| 700 | 1 | _aجبرا ابراهيم جبرا (مراجع) | |
| 700 | 1 | _aليمارى، جان | |
| 300 | _a188 | ||
| 490 |
_a100 قصة _v0 |
||
| 650 | 0 | 4 | _aالفنون |
| 650 | 0 | 4 | _aالفنون التشكيلية |
| 650 | 0 | 4 | _aالفن الحديث |
| 650 | 0 | 4 | _aالانطباعية |
| 942 |
_2ddc _cBK |
||
| 999 |
_c46424 _d46424 |
||